Operations research: an introduction

Salvato in:
Dettagli Bibliografici
Autore principale: Taha, Hamdy A (Autore)
Natura: Libro
Lingua:inglese
Pubblicazione: Nueva York Mac Millan 1982
Edizione:3a. ed
Soggetti:
Tags: Aggiungi Tag
Nessun Tag, puoi essere il primo ad aggiungerne!!

MARC

LEADER 00000nam a2200000 a 4500
001 UCS7972
003 CL-VaPUC
008 971024e19820000US |||||||||||||||||eng|d
082 0 4 |a 658.403  |b TAH  |2 21 
100 0 |a Taha, Hamdy A  |e author  |9 392958 
245 1 0 |a Operations research: an introduction 
250 |a 3a. ed 
300 |a 848 p 
942 |c BK 
945 |d 19971024 00:00:00  |a rleighto 
260 |a Nueva York  |b Mac Millan  |c 1982 
650 0 |a Probabilidades   |9 260199 
650 0 |a Teoría de probabilidades   |9 336944 
650 0 |a Análisis estadístico  |9 269506 
583 |a last modification  |c 19971024 00:00:00  |k Rodrigo Vera 
999 |c 262698  |d 262696